<?xml version="1.0" encoding="UTF-8"?><?xml-stylesheet type="text/xsl" href="static/style.xsl"?><OAI-PMH xmlns="http://www.openarchives.org/OAI/2.0/" xmlns:xsi="http://www.w3.org/2001/XMLSchema-instance" xsi:schemaLocation="http://www.openarchives.org/OAI/2.0/ http://www.openarchives.org/OAI/2.0/OAI-PMH.xsd"><responseDate>2026-04-14T03:39:12Z</responseDate><request verb="GetRecord" identifier="oai:www.recercat.cat:2445/59788" metadataPrefix="marc">https://recercat.cat/oai/request</request><GetRecord><record><header><identifier>oai:recercat.cat:2445/59788</identifier><datestamp>2025-12-05T10:00:55Z</datestamp><setSpec>com_2072_1057</setSpec><setSpec>col_2072_478819</setSpec><setSpec>col_2072_478917</setSpec></header><metadata><record xmlns="http://www.loc.gov/MARC21/slim" xmlns:dcterms="http://purl.org/dc/terms/" xmlns:xsi="http://www.w3.org/2001/XMLSchema-instance" xmlns:doc="http://www.lyncode.com/xoai" xsi:schemaLocation="http://www.loc.gov/MARC21/slim http://www.loc.gov/standards/marcxml/schema/MARC21slim.xsd">
   <leader>00925njm 22002777a 4500</leader>
   <datafield ind2=" " ind1=" " tag="042">
      <subfield code="a">dc</subfield>
   </datafield>
   <datafield ind2=" " ind1=" " tag="720">
      <subfield code="a">Illamola i Gómez, Cristina</subfield>
      <subfield code="e">author</subfield>
   </datafield>
   <datafield ind2=" " ind1=" " tag="260">
      <subfield code="c">2014-11-19T10:38:01Z</subfield>
   </datafield>
   <datafield ind2=" " ind1=" " tag="260">
      <subfield code="c">2014-11-19T10:38:01Z</subfield>
   </datafield>
   <datafield ind2=" " ind1=" " tag="260">
      <subfield code="c">2008</subfield>
   </datafield>
   <datafield ind2=" " ind1=" " tag="520">
      <subfield code="a">La incursión de nuevas disciplinas en la lingüística, tales como la sociología, el cognitivismo, la antropología, etc., han permitido encontrar diversos puntos de unión entre las investigaciones realizadas desde cada una de estas disciplinas. Ello resulta de gran interés para los estudios de variación y contacto de lenguas en los que, aparte de los factores lingüísticos tradicionales, intervienen significativamente otros de índole cognitiva, sociocultural y pragmático-discursiva.&#xd;
Partiendo de este marco teórico plural, y desde la perspectiva del contacto de lenguas, en las siguientes páginas se analizan las expresiones prospectivas del español. Concretamente, se pretende aseverar la hipótesis de la influencia del catalán sobre el español en la expresión formal del futuro,1 pues parece que en las zonas catalanohablantes la frecuencia de uso del futuro sintético (FS) y del futuro analítico (FA) para hablar de eventos venideros es opuesta al empleo que de estas mismas formas suele hacerse en el resto de zonas hispanohablantes.2 La idea parte del hecho de que, pese a que en catalán también alternan las dos estructuras —el FS y la perífrasis prospectiva «ANAR A+Infinitivo»—, el menor rendimiento de la perífrasis en catalán y, por tanto, su menor grado de gramaticalización, parece incidir en la frecuencia de uso de la perífrasis en español «IR A+Infinitivo».</subfield>
   </datafield>
   <datafield tag="653" ind2=" " ind1=" ">
      <subfield code="a">Lingüística</subfield>
   </datafield>
   <datafield tag="653" ind2=" " ind1=" ">
      <subfield code="a">Filologia catalana</subfield>
   </datafield>
   <datafield tag="653" ind2=" " ind1=" ">
      <subfield code="a">Sociologia de la comunicació</subfield>
   </datafield>
   <datafield tag="653" ind2=" " ind1=" ">
      <subfield code="a">Linguistics</subfield>
   </datafield>
   <datafield tag="653" ind2=" " ind1=" ">
      <subfield code="a">Catalan philology</subfield>
   </datafield>
   <datafield tag="653" ind2=" " ind1=" ">
      <subfield code="a">Sociology of communication</subfield>
   </datafield>
   <datafield ind2="0" ind1="0" tag="245">
      <subfield code="a">La expresión de futuro en el español de Cataluña. Un posible caso de confluencia lingüística</subfield>
   </datafield>
</record></metadata></record></GetRecord></OAI-PMH>